007_ Personnalités nées un 7 janvier par images - Statistiques

Statistiques générales
  • Ce quiz a été pris 63 fois
  • Le résultat moyen est 2 sur 9
Statistiques - réponses
Par images Hint Réponse % Correct
Pilote Automobile Lewis Hamilton
95%
Footballeur Eden Hazard
73%
Styliste Christian Louboutin
42%
Dirigeant Politique et Militaire Joseph Bonaparte
21%
Première Dame et Politicienne Elena Ceaușescu
5%
Compositeur Francis Poulenc
0%
Chef religieux Grégoire XIII
0%
Dirigeant Politique Millard Fillmore
0%
Ingénieur Sandford Fleming
0%
Aucun quiz correspondant
Distribution des résultats
% des personnes avec chaque résultat
Percentile par nombre de réponses
Votre historique - résultats
Vous n’avez pas pris ce quiz